BIBLIOTECA PODER JUDICIAL
Portal Judicial TDF

Extensión del período de prueba por convención colectiva. Una oportunidad para fortalecer los derechos laborales / (Registro nro. 5994)

000 -LEADER
fixed length control field 01632nab a22002297a 4500
003 - CONTROL NUMBER IDENTIFIER
control field OSt
005 - DATE AND TIME OF LATEST TRANSACTION
control field 20260115190635.0
008 - FIXED-LENGTH DATA ELEMENTS--GENERAL INFORMATION
fixed length control field 190605e xxu||||| |||| 00| 0 spa d
040 ## - CATALOGING SOURCE
Transcribing agency PJ
100 ## - MAIN ENTRY--PERSONAL NAME
9 (RLIN) 6169
Personal name Mosquera, Gerardo Raúl
245 10 - TITLE STATEMENT
Title Extensión del período de prueba por convención colectiva. Una oportunidad para fortalecer los derechos laborales /
Statement of responsibility, etc Gerardo Raúl Mosquera.
260 ## - PUBLICATION, DISTRIBUTION, ETC. (IMPRINT)
Place of publication, distribution, etc Ciudad Autónoma de Buenos Aires :
Name of publisher, distributor, etc Thomson Reuters La Ley,
Date of publication, distribution, etc 2025.
300 ## - PHYSICAL DESCRIPTION
Extent p. 20-29
500 ## - GENERAL NOTE
General note Cita Online: Cita: TR LALEY AR/DOC/348/2025.
505 ## - FORMATTED CONTENTS NOTE
Formatted contents note Sumario: I. Introducción.— II. Período de Prueba según ley 27.742.— III. Intervención sindical y rol de la Convención Colectiva de Trabajo.— IV. Limitaciones de la Convención Colectiva de Trabajo.— V. Extensión del período de prueba y principio de no regresividad.— VI. Beneficios y protección del trabajador que pueden surgir de la extensión del período de prueba. Función del protocolo, Código de Ética y del Oficial de Cumplimiento.— VII. La figura del Oficial de Cumplimiento.— VIII. Protocolo para el período de prueba.— IX. El beneficio empresario.— X. La protección reforzada durante el período de prueba.— XI. Conclusiones. <br/>
505 ## - FORMATTED CONTENTS NOTE
Title ¿Te interesa el texto completo? Solicitalo al correo: koha@justierradelfuego.gov.ar<br/>
650 #0 - SUBJECT ADDED ENTRY--TOPICAL TERM
9 (RLIN) 1316
Topical term or geographic name as entry element DERECHO LABORAL
650 #0 - SUBJECT ADDED ENTRY--TOPICAL TERM
9 (RLIN) 1323
Topical term or geographic name as entry element CONTRATO DE TRABAJO
650 #0 - SUBJECT ADDED ENTRY--TOPICAL TERM
9 (RLIN) 6786
Topical term or geographic name as entry element PERIODO DE PRUEBA
773 0# - HOST ITEM ENTRY
Host Biblionumber 2711
Host Itemnumber 3168
Place, publisher, and date of publication Ciudad Autónoma de Buenos Aires : Thomson Reuters La Ley, 1999-2002.
Title Revista de derecho del trabajo. Nº 2 - Marzo 2025
942 ## - ADDED ENTRY ELEMENTS (KOHA)
Source of classification or shelving scheme
Koha item type Analítica Artículo de Revista

No hay ítems disponibles.

12 de Octubre 789 Ushuaia - Tel:  54(02901)441571
Horario de Atención: 8.00 a 17.00 hs. 
bibliotecaush@justierradelfuego.gov.ar
koha@justierradelfuego.gov.ar
Seguinos en nuestras redes @bibliojustdf 

Con tecnología Koha